00617nam a2200169 i 450000100060000000300090000600500170001500700030003200800410003510000510007624500780012726000400020530000330024585200310027899900170030995201210032685007ES-MaACL20251015063107.0t|041124s1949 sp ||||1| spa d0 aJorro Beneyto, Jaime, cConde de Altea96696210aHistoria del Palacio de Santa Cruz b: 1629-1950 / cJuan Bernia (seud.). aMadrid : b[s.n.], c1949 (fBlass) a224 p., 30 lám. ; c28 cm. aES-MaACLjD-7095 bR.29301 c85007d85007 00104070aATENEOMbATENEOMcSVId2008-01-17eSCl0oD-7095p901088833r2023-02-23 00:00:00w2023-02-23yMONOGRAFIA